Statistics for 2022 Year in Review - American Sports

Click here to take the quiz!

General Stats

  • This quiz has been taken 30 times
  • The average score is 8 of 14

Answer Stats

ChampionshipTeam% Correct
NBA FinalsGolden State Warriors
89%
World SeriesHouston Astros
85%
NBA FinalsBoston Celtics
70%
SuperbowlCincinnati Bengals
70%
SuperbowlLos Angeles Rams
70%
Stanley CupTampa Bay Lightning
70%
Stanley CupColorado Avalanche
63%
World SeriesPhiladelphia Phillies
63%
MLS CupPhiladelphia Union
63%
WNBALas Vegas Aces
33%
MLS CupLos Angeles FC
33%
WNBAConnecticut Sun
30%
NSWLKansas City Current
7%
NSWLPortland Thorns FC
4%

Score Distribution

Percentile by Number Answered

Percent of People with Each Score

Your Score History

You have not taken this quiz